[Event "Skakligaen 2025-26"]
[Site "Denmark"]
[Date "2025.11.02"]
[Round "2.4"]
[White "Jacobsen, Mikkel Manosri"]
[Black "Smith, Axel"]
[Result "0-1"]
[WhiteElo "2306"]
[BlackElo "2431"]
[EventDate "2025.11.01"]
[EventType "team-tourn"]
[EventRounds "9"]
[EventCountry "DEN"]
[SourceTitle "Holdskaksystemet"]
[WhiteTeam "BMS"]
[BlackTeam "Koge"]
[WhiteTeamCountry "DEN"]
[BlackTeamCountry "DEN"]

1. c4 e6 2. g3 d5 3. Bg2 dxc4 4. Qa4+ Nd7 5. Qxc4 c5 6. Nf3 b6 7. O-O Bb7 8. d3 a6 9. Qc2 Ngf6 10. h3 Be7 11. Nc3 O-O 12. e4 b5 13. a4 Bc6 14. Rd1 Qb6 15. Be3 Qb7 16. b3 Rfd8 17. d4 Nxe4 18. Ne5 Nxe5 19. Nxe4 cxd4 20. Bxd4 f5 21. Bxe5 Bxe4 22. Bxe4 fxe4 23. axb5 axb5 24. Rxa8 Qxa8 25. Re1 Rd3 26. Qc7 Bf8 27. Ra1 Qd8 28. Qxd8 Rxd8 29. Ra7 b4 30. h4 Rd3 31. Ra8 Kf7 32. h5 e3 33. fxe3 Rxe3 34. Ra7+ Kg8 35. Ra5 Rxb3 36. Kf2 Rd3 37. Ra8 Rd5 38. Bf4 Rxh5 39. Bd6 Rf5+ 40. Ke3 b3 41. Rb8 b2 42. Bxf8 Rxf8 43. Rxb2 Kf7 44. Rb7+ Kf6 45. Rb5 Ra8 46. Kf3 Ra3+ 47. Kg4 Ra4+ 48. Kf3 g6 49. Rc5 h5 50. Rb5 e5 51. Rb6+ Kf5 52. Rb5 Ra3+ 53. Kg2 Rd3 54. Ra5 Kg4 55. Rxe5 Rxg3+ 56. Kh2 Rh3+ 57. Kg2 Rg3+ 58. Kh2 Rf3 59. Kg2 h4 60. Re4+ Rf4 61. Re3 Ra4 62. Re1 Ra2+ 63. Kg1 g5 64. Rb1 h3 65. Rc1 Kg3 66. Rc3+ Kh4 67. Rc1 g4 68. Rb1 Re2 69. Rb4 Kg3 70. Rb3+ Kf4 71. Rb4+ Kf3 72. Rb3+ Re3 73. Rb1 g3 74. Rf1+ Kg4 75. Ra1 h2+ 76. Kg2 Re2+ 77. Kh1 Kh3 78. Rb1 Re1+ 79. Rxe1 g2# 0-1

[Event "Skakligaen 2025-26"]
[Site "Denmark"]
[Date "2025.11.02"]
[Round "2.5"]
[White "Jakab, Bela"]
[Black "Nielsen Refs, Karl Emil Elmer"]
[Result "1-0"]
[WhiteElo "2350"]
[BlackElo "2191"]
[EventDate "2025.11.01"]
[EventType "team-tourn"]
[EventRounds "9"]
[EventCountry "DEN"]
[SourceTitle "Holdskaksystemet"]
[WhiteTeam "Koge"]
[BlackTeam "BMS"]
[WhiteTeamCountry "DEN"]
[BlackTeamCountry "DEN"]

1. d4 Nf6 2. Bf4 h6 3. e3 d6 4. Nf3 g5 5. Bg3 Rg8 6. Bd3 c5 7. dxc5 Qa5+ 8. Nbd2 e5 9. cxd6 e4 10. b4 Qxb4 11. Rb1 Qa5 12. Rb5 Qc3 13. Be5 Qc6 14. Nd4 Qc3 15. Ne6 Qc6 16. Nc7+ Kd7 17. Be2 Bxd6 18. Nxa8 Ne8 19. Nc4 Qxb5 20. Bxd6 Ke6 21. Bxb8 Qc5 22. Qd4 Qc6 23. Qe5+ Kd7 24. O-O Kd8 25. Rd1+ Bd7 26. Bxa7 b5 27. Nab6 Nf6 28. Nxd7 Nxd7 29. Nb6 f6 30. Nxd7 Qxc2 31. Bb6+ Kc8 32. Qb8# 1-0

[Event "Skakligaen 2025-26"]
[Site "Denmark"]
[Date "2025.11.02"]
[Round "2.6"]
[White "Jarlskov, Daniel Tuk Hartso"]
[Black "Pedersen, Henrik Dahl"]
[Result "1-0"]
[WhiteElo "2183"]
[BlackElo "2289"]
[EventDate "2025.11.01"]
[EventType "team-tourn"]
[EventRounds "9"]
[EventCountry "DEN"]
[SourceTitle "Holdskaksystemet"]
[WhiteTeam "BMS"]
[BlackTeam "Koge"]
[WhiteTeamCountry "DEN"]
[BlackTeamCountry "DEN"]

1. d4 Nf6 2. c4 e6 3. Nf3 b6 4. g3 Bb7 5. Bg2 Bb4+ 6. Bd2 Qe7 7. O-O Bxd2 8. Nbxd2 d6 9. Qc2 c5 10. e4 e5 11. d5 Bc8 12. Nh4 g5 13. Nf5 Bxf5 14. exf5 Nbd7 15. Rae1 g4 16. f3 h5 17. b3 O-O-O 18. f4 h4 19. b4 hxg3 20. hxg3 cxb4 21. Qa4 Kb8 22. Qxb4 Nc5 23. Qc3 Rde8 24. fxe5 dxe5 25. Nb3 Qd6 26. Qe3 Nfd7 27. Rb1 Qh6 28. Qxh6 Rxh6 29. Na5 Kc7 30. Nc6 a5 31. Rbe1 Nb7 32. Re4 Nd6 33. Rxg4 e4 34. Rg7 Ne5 35. Nxe5 Rxe5 36. g4 Kd8 37. f6 e3 38. g5 Rh5 39. g6 e2 40. Re1 fxg6 41. Rxg6 Rhf5 42. Bh3 Rg5+ 43. Rxg5 Rxg5+ 44. Kf2 Rg6 45. Kxe2 Rxf6 46. Rc1 Ne4 47. Ke3 Nc5 48. Rg1 Kc7 49. Rg7+ Kd6 50. Rg8 Rh6 51. Bg4 Rh4 52. Rg6+ Kc7 53. d6+ Kc6 54. d7+ Kc7 55. Rc6+ Kxc6 56. d8=Q Kd5 57. Ke4+ 1-0

[Event "Skakligaen 2025-26"]
[Site "Denmark"]
[Date "2025.11.02"]
[Round "2.7"]
[White "Jorgensen, Brian"]
[Black "Wahlgreen, Noah Krug"]
[Result "1-0"]
[WhiteElo "2250"]
[BlackElo "2102"]
[EventDate "2025.11.01"]
[EventType "team-tourn"]
[EventRounds "9"]
[EventCountry "DEN"]
[SourceTitle "Holdskaksystemet"]
[WhiteTeam "Koge"]
[BlackTeam "BMS"]
[WhiteTeamCountry "DEN"]
[BlackTeamCountry "DEN"]

1. d4 d5 2. c4 e6 3. Nc3 a6 4. e3 Nf6 5. Nf3 Be7 6. b3 O-O 7. Bd3 c5 8. O-O dxc4 9. bxc4 cxd4 10. exd4 Qc7 11. Bb2 Nbd7 12. Rc1 Rd8 13. Qe2 b6 14. Ne4 Bb7 15. Neg5 h6 16. Nxe6 Bxf3 17. gxf3 fxe6 18. Qxe6+ Kh8 19. Qxe7 Re8 20. Qf7 Qf4 21. Qg6 Rac8 22. Qf5 Qh4 23. d5 Re7 24. Rfe1 Rce8 25. Re6 Rxe6 26. dxe6 Nf8 27. Re1 Qh5 28. e7 1-0

[Event "Skakligaen 2025-26"]
[Site "Denmark"]
[Date "2025.11.02"]
[Round "2.8"]
[White "Iskos, Lukas"]
[Black "Meskenas, Paulius"]
[Result "1/2-1/2"]
[WhiteElo "2136"]
[BlackElo "2188"]
[EventDate "2025.11.01"]
[EventType "team-tourn"]
[EventRounds "9"]
[EventCountry "DEN"]
[SourceTitle "Holdskaksystemet"]
[WhiteTeam "BMS"]
[BlackTeam "Koge"]
[WhiteTeamCountry "DEN"]
[BlackTeamCountry "DEN"]

1. d4 Nf6 2. c4 g6 3. h4 c5 4. d5 b5 5. cxb5 a6 6. bxa6 Bxa6 7. Nc3 d6 8. e4 Bxf1 9. Kxf1 Bg7 10. Nge2 Nbd7 11. g3 Ne5 12. Kg2 Qb6 13. Re1 O-O 14. Nf4 h5 15. Nh3 c4 16. Re2 Nd3 17. f4 Ng4 18. Qd2 Rfb8 19. f5 Nxb2 20. fxg6 fxg6 21. Qg5 Ra3 22. Qxg6 Rxc3 23. Ng5 Rxg3+ 24. Kxg3 Qg1+ 25. Kh3 1/2-1/2

[Event "Skakligaen 2025-26"]
[Site "Denmark"]
[Date "2025.11.02"]
[Round "2.1"]
[White "Hillarp Persson, Tiger"]
[Black "Sorensen, Jan"]
[Result "0-1"]
[WhiteElo "2434"]
[BlackElo "2367"]
[EventDate "2025.11.01"]
[EventType "team-tourn"]
[EventRounds "9"]
[EventCountry "DEN"]
[SourceTitle "Holdskaksystemet"]
[WhiteTeam "Bronshoj"]
[BlackTeam "Aarhus/Skolerne"]
[WhiteTeamCountry "DEN"]
[BlackTeamCountry "DEN"]

1. Nf3 d5 2. g3 Nf6 3. Bg2 e6 4. O-O Bd6 5. c4 O-O 6. d4 h6 7. a3 b6 8. Nc3 Bb7 9. Nd2 c5 10. dxc5 Bxc5 11. Nb3 Na6 12. Qd3 Re8 13. Rd1 Qe7 14. cxd5 exd5 15. e3 Nc7 16. Nxc5 bxc5 17. b4 Rad8 18. bxc5 Ne6 19. Rb1 Nxc5 20. Qd4 Ba8 21. Qb4 a5 22. Qxa5 Ne6 23. Qb4 Qd7 24. Nb5 Rb8 25. a4 d4 26. Bxa8 Rxa8 27. Bb2 Qb7 28. Bxd4 Ng5 29. Bxf6 Nh3+ 30. Kf1 Rxe3 0-1

[Event "Skakligaen 2025-26"]
[Site "Denmark"]
[Date "2025.11.02"]
[Round "2.2"]
[White "Christensen, Tobias Bent"]
[Black "Ahlander, Bjorn"]
[Result "0-1"]
[WhiteElo "2333"]
[BlackElo "2380"]
[EventDate "2025.11.01"]
[EventType "team-tourn"]
[EventRounds "9"]
[EventCountry "DEN"]
[SourceTitle "Holdskaksystemet"]
[WhiteTeam "Aarhus/Skolerne"]
[BlackTeam "Bronshoj"]
[WhiteTeamCountry "DEN"]
[BlackTeamCountry "DEN"]

1. c4 e5 2. Nc3 Nf6 3. Nf3 Nc6 4. e4 d6 5. d4 Bg4 6. d5 Nd4 7. Be3 Bxf3 8. gxf3 g6 9. f4 Bg7 10. fxe5 dxe5 11. Be2 O-O 12. Qd2 c5 13. dxc6 bxc6 14. O-O Qd7 15. Kg2 Rad8 16. Rad1 Qe6 17. h3 Rd7 18. b3 Nxb3 19. axb3 Rxd2 20. Rxd2 Qe7 21. c5 Rd8 22. Rxd8+ Qxd8 23. Ra1 Qb8 24. Bc4 Bf8 25. f3 Be7 26. Rd1 Kg7 27. Bg5 Bxc5 28. Bxf6+ Kxf6 29. Rd7 Be7 30. Ne2 a5 31. f4 exf4 32. Nd4 Qe5 33. Kf3 Qh5+ 34. Kxf4 Qh4+ 0-1

[Event "Skakligaen 2025-26"]
[Site "Denmark"]
[Date "2025.11.02"]
[Round "2.3"]
[White "Falkesgaard, Jeppe Hald"]
[Black "Pedersen, Finn"]
[Result "0-1"]
[WhiteElo "2252"]
[BlackElo "2266"]
[EventDate "2025.11.01"]
[EventType "team-tourn"]
[EventRounds "9"]
[EventCountry "DEN"]
[SourceTitle "Holdskaksystemet"]
[WhiteTeam "Bronshoj"]
[BlackTeam "Aarhus/Skolerne"]
[WhiteTeamCountry "DEN"]
[BlackTeamCountry "DEN"]

1. c4 c6 2. g3 d5 3. Nf3 Nf6 4. Bg2 Bf5 5. Qb3 Qb6 6. d3 e6 7. Be3 dxc4 8. Qxc4 Qb4+ 9. Nbd2 Nbd7 10. a3 Qxc4 11. Nxc4 a5 12. O-O Bg6 13. b4 Nd5 14. Bd2 a4 15. Na5 O-O-O 16. Rfc1 Be7 17. e4 Nc7 18. Bf4 Nb5 19. Ra2 f6 20. Bh3 e5 21. Bxe5 fxe5 22. Nxe5 Nd4 23. Nxd7 Rxd7 24. Bxd7+ Kxd7 25. Nxb7 Bf7 26. Rb2 Nb3 27. Rcc2 Rb8 28. Na5 Nxa5 29. bxa5 Rxb2 30. Rxb2 Bb3 31. d4 Bxa3 32. Rb1 Kc7 33. d5 cxd5 34. exd5 Kb7 35. Kf1 Ka6 36. Ke2 Kxa5 37. Kd3 Bxd5 38. Kc3 Be7 39. f4 Bf6+ 0-1

[Event "Skakligaen 2025-26"]
[Site "Denmark"]
[Date "2025.11.02"]
[Round "2.4"]
[White "Sobjerg, Erik"]
[Black "Bromann, Thorbjorn"]
[Result "0-1"]
[WhiteElo "2231"]
[BlackElo "2356"]
[EventDate "2025.11.01"]
[EventType "team-tourn"]
[EventRounds "9"]
[EventCountry "DEN"]
[SourceTitle "Holdskaksystemet"]
[WhiteTeam "Aarhus/Skolerne"]
[BlackTeam "Bronshoj"]
[WhiteTeamCountry "DEN"]
[BlackTeamCountry "DEN"]

1. e4 g6 2. d4 Bg7 3. Nc3 d6 4. Bg5 a6 5. Nf3 b5 6. a4 b4 7. Nd5 a5 8. Bc4 Bb7 9. Qe2 h6 10. Bh4 g5 11. Bg3 e6 12. e5 Bxd5 13. Bxd5 c6 14. Be4 d5 15. Bd3 Qb6 16. c3 Nd7 17. h4 g4 18. Nd2 bxc3 19. bxc3 Qb2 20. O-O Qxc3 21. Rac1 Qxd4 22. Rxc6 Ne7 23. Rc7 Rc8 24. Rxc8+ Nxc8 25. Bb5 Ncb6 26. Nb3 Qb4 27. Qe3 O-O 28. f4 gxf3 29. gxf3 Nc4 30. Qf2 Ndxe5 31. Rb1 Na3 32. Re1 Nxb5 33. Bxe5 Bxe5 34. Rxe5 Qxb3 35. axb5 Qxb5 36. Qd2 Qb4 37. Qxh6 Qd4+ 0-1

[Event "Skakligaen 2025-26"]
[Site "Denmark"]
[Date "2025.11.02"]
[Round "2.5"]
[White "Hoi, Carsten"]
[Black "Ochsner, Thomas"]
[Result "1-0"]
[WhiteElo "2282"]
[BlackElo "2244"]
[EventDate "2025.11.01"]
[EventType "team-tourn"]
[EventRounds "9"]
[EventCountry "DEN"]
[SourceTitle "Holdskaksystemet"]
[WhiteTeam "Bronshoj"]
[BlackTeam "Aarhus/Skolerne"]
[WhiteTeamCountry "DEN"]
[BlackTeamCountry "DEN"]

1. Nf3 Nf6 2. c4 e6 3. Nc3 d5 4. d4 Bb4 5. e3 O-O 6. Bd3 c5 7. O-O Nc6 8. a3 Bxc3 9. bxc3 Qc7 10. Qc2 dxc4 11. Bxc4 e5 12. Bb5 e4 13. Bxc6 bxc6 14. Ne5 Ba6 15. Rd1 Rfc8 16. c4 cxd4 17. exd4 c5 18. Bb2 cxd4 19. Bxd4 Rd8 20. Qc3 Bc8 21. h3 Be6 22. Qe3 h6 23. Rac1 Bf5 24. g4 Bh7 25. g5 hxg5 26. Qxg5 Ne8 27. Ng4 Qc6 28. Bxg7 Qg6 29. Ra1 1-0

[Event "Skakligaen 2025-26"]
[Site "Denmark"]
[Date "2025.11.02"]
[Round "2.6"]
[White "Toledo, Imanol"]
[Black "Palm, Nikolaj"]
[Result "0-1"]
[WhiteElo "2199"]
[BlackElo "2281"]
[EventDate "2025.11.01"]
[EventType "team-tourn"]
[EventRounds "9"]
[EventCountry "DEN"]
[SourceTitle "Holdskaksystemet"]
[WhiteTeam "Aarhus/Skolerne"]
[BlackTeam "Bronshoj"]
[WhiteTeamCountry "DEN"]
[BlackTeamCountry "DEN"]

1. e4 e5 2. Nf3 Nc6 3. Bb5 a6 4. Ba4 Nf6 5. O-O Be7 6. d3 b5 7. Bb3 d6 8. a3 O-O 9. Nc3 Bb7 10. Bd2 Na5 11. Ba2 c5 12. b4 Nc6 13. Nd5 Nd4 14. Nxf6+ Bxf6 15. c4 Nxf3+ 16. Qxf3 Bg5 17. Bc3 Qe7 18. g3 Kh8 19. h4 Bh6 20. Qh5 f6 21. Bb3 Bc8 22. cxb5 axb5 23. a4 Bh3 24. Rfe1 f5 25. exf5 Rxf5 26. axb5 Raf8 27. Qe2 Rxf2 28. Qxf2 Rxf2 29. Kxf2 Qf6+ 30. Kg1 Qf3 31. Ra2 Qxg3+ 32. Kh1 Qf3+ 33. Kg1 cxb4 34. Rea1 Be3+ 35. Kh2 Bf4+ 36. Kg1 g6 37. Bxb4 Qg3+ 38. Kh1 Bg4 39. Bd5 Qh3+ 40. Kg1 Be3+ 0-1

[Event "Skakligaen 2025-26"]
[Site "Denmark"]
[Date "2025.11.02"]
[Round "2.7"]
[White "Andreasen, Henrik"]
[Black "Rendboe, John Filip"]
[Result "1/2-1/2"]
[WhiteElo "2194"]
[BlackElo "2150"]
[EventDate "2025.11.01"]
[EventType "team-tourn"]
[EventRounds "9"]
[EventCountry "DEN"]
[SourceTitle "Holdskaksystemet"]
[WhiteTeam "Bronshoj"]
[BlackTeam "Aarhus/Skolerne"]
[WhiteTeamCountry "DEN"]
[BlackTeamCountry "DEN"]

1. d4 d5 2. c4 e6 3. Nc3 Nf6 4. cxd5 exd5 5. Bg5 c6 6. e3 Be7 7. Bd3 Nbd7 8. Nge2 Nf8 9. Qc2 Ne6 10. Bh4 g6 11. f3 O-O 12. Rd1 Nh5 13. Bf2 f5 14. O-O Bg5 15. g3 Nf6 16. Kg2 Bh6 17. b4 Qe7 18. Qb3 Bd7 19. Bg1 Kh8 20. Na4 b5 21. Nb2 a5 22. a3 axb4 23. axb4 Nd8 24. Nc3 Nb7 25. Rfe1 Nd6 26. Qc2 Nc4 27. Bxc4 bxc4 28. Nba4 Qxb4 29. Nc5 Ra3 30. N3a4 Ra8 31. Rb1 Rb3 32. Ra1 Bf8 33. Nxb3 cxb3 34. Qb2 Rxa4 35. Rxa4 Qxa4 36. Rb1 Qa2 37. Qxa2 bxa2 38. Ra1 c5 39. dxc5 Bxc5 40. Rxa2 Kg7 41. Rc2 Bd6 42. Bf2 Kf7 43. Be1 Ke6 44. Bc3 Be5 45. Kf2 Bxc3 46. Rxc3 g5 47. h3 h5 48. Ra3 Bc6 49. Ra6 Kd6 50. Ra7 g4 51. hxg4 hxg4 52. Rf7 Ke6 53. Rc7 Bd7 54. Ra7 Ne8 55. Ra6+ Nd6 56. Ra1 Bb5 57. Rh1 Ne8 58. Rb1 Bc4 59. Rb6+ Nd6 60. Rb8 Bd3 61. Rh8 Bc2 62. Rh6+ Kd7 63. Rh1 gxf3 64. Rh7+ Kc6 65. Kxf3 f4 66. Rh2 Be4+ 67. Kxf4 Nf7 68. Ra2 Kd6 69. Ra6+ Ke7 70. g4 Kf8 71. Ra4 1/2-1/2

[Event "Skakligaen 2025-26"]
[Site "Denmark"]
[Date "2025.11.02"]
[Round "2.8"]
[White "Hagen, Kresten Skytte"]
[Black "Thuesen, Mogens Henrik"]
[Result "0-1"]
[WhiteElo "2126"]
[BlackElo "2107"]
[EventDate "2025.11.01"]
[EventType "team-tourn"]
[EventRounds "9"]
[EventCountry "DEN"]
[SourceTitle "Holdskaksystemet"]
[WhiteTeam "Aarhus/Skolerne"]
[BlackTeam "Bronshoj"]
[WhiteTeamCountry "DEN"]
[BlackTeamCountry "DEN"]

1. Nf3 c5 2. c4 Nf6 3. Nc3 d5 4. cxd5 Nxd5 5. g3 Nc6 6. Bg2 Nc7 7. O-O e5 8. d3 Be7 9. Bd2 Be6 10. Rc1 O-O 11. a3 f5 12. Qc2 Rc8 13. Na4 Na6 14. Qb1 c4 15. Rfe1 Bf6 16. Bf1 g5 17. e4 g4 18. exf5 Bxf5 19. Nh4 Bxh4 20. gxh4 Qxh4 21. Qa2 Nd4 22. Bg2 Bxd3 23. Be3 Nf3+ 24. Bxf3 gxf3 25. Kh1 Kh8 26. Bxa7 Rf5 0-1

[Event "Skakligaen 2025-26"]
[Site "Denmark"]
[Date "2025.11.02"]
[Round "2.1"]
[White "Hector, Jonny"]
[Black "Chatalbashev, Boris"]
[Result "0-1"]
[WhiteElo "2421"]
[BlackElo "2530"]
[EventDate "2025.11.01"]
[EventType "team-tourn"]
[EventRounds "9"]
[EventCountry "DEN"]
[SourceTitle "Holdskaksystemet"]
[WhiteTeam "Nordkalotten"]
[BlackTeam "Fredericia"]
[WhiteTeamCountry "DEN"]
[BlackTeamCountry "DEN"]

1. e4 c5 2. Nf3 Nc6 3. d4 cxd4 4. Nxd4 g6 5. Nc3 Bg7 6. Be3 Nf6 7. Bc4 O-O 8. Bb3 d6 9. f3 Bd7 10. h4 h5 11. Qd2 Ne5 12. Bh6 Rc8 13. Bxg7 Kxg7 14. Nd5 Nxd5 15. exd5 b5 16. a4 bxa4 17. Bxa4 Rc5 18. Bb3 Qb6 19. O-O a5 20. c3 Rb8 21. Rf2 Rc7 22. Re1 Rcb7 23. Ree2 Qc5 24. Qd1 a4 25. Bxa4 Bxa4 26. Qxa4 Nd3 27. Rf1 Qxd5 28. Qc6 Nb4 29. Qxd5 Nxd5 30. Rff2 e5 31. Nc6 Rc8 32. Rd2 Nxc3 33. Na5 Rb5 34. bxc3 Rxa5 35. Rxd6 Rxc3 36. Rd7 Ra4 37. Re2 Rc5 38. g3 Ra3 39. Kg2 Rcc3 40. Rf2 e4 41. fxe4 Rxg3+ 42. Kh2 Rh3+ 43. Kg2 Rag3+ 44. Kf1 Rf3 45. e5 Rxf2+ 46. Kxf2 Rxh4 47. Ke3 Rh3+ 48. Kf2 Kf8 49. Ra7 Rb3 0-1

[Event "Skakligaen 2025-26"]
[Site "Denmark"]
[Date "2025.11.02"]
[Round "2.2"]
[White "Kanov, Nikola Krasimirov"]
[Black "Brynell, Stellan"]
[Result "1/2-1/2"]
[WhiteElo "2418"]
[BlackElo "2367"]
[EventDate "2025.11.01"]
[EventType "team-tourn"]
[EventRounds "9"]
[EventCountry "DEN"]
[SourceTitle "Holdskaksystemet"]
[WhiteTeam "Fredericia"]
[BlackTeam "Nordkalotten"]
[WhiteTeamCountry "DEN"]
[BlackTeamCountry "DEN"]

1. e4 e6 2. d4 d5 3. e5 c5 4. c3 Nc6 5. Nf3 Nge7 6. Na3 Bd7 7. dxc5 Ng6 8. b4 Ncxe5 9. Nxe5 Nxe5 10. f4 Ng6 11. Be3 Be7 12. Qd2 O-O 13. Be2 b6 14. cxb6 axb6 15. Nc2 Qc7 16. O-O Bd6 17. Nd4 Ra3 18. Rac1 Rfa8 19. Rc2 Ba4 20. Rcc1 Bd7 21. Rc2 Ba4 22. Rcc1 1/2-1/2

[Event "Skakligaen 2025-26"]
[Site "Denmark"]
[Date "2025.11.02"]
[Round "2.3"]
[White "Sylvan, Jacob"]
[Black "Fries Nielsen, Jens Ove"]
[Result "1-0"]
[WhiteElo "2302"]
[BlackElo "2282"]
[EventDate "2025.11.01"]
[EventType "team-tourn"]
[EventRounds "9"]
[EventCountry "DEN"]
[SourceTitle "Holdskaksystemet"]
[WhiteTeam "Nordkalotten"]
[BlackTeam "Fredericia"]
[WhiteTeamCountry "DEN"]
[BlackTeamCountry "DEN"]

1. e4 e6 2. d4 d5 3. Nc3 Nf6 4. e5 Ng8 5. f4 b6 6. Nf3 Nh6 7. Be3 c6 8. Qd2 Ba6 9. O-O-O Qd7 10. h3 Bxf1 11. Rhxf1 Na6 12. g4 Nc7 13. Ne2 O-O-O 14. Ng3 c5 15. f5 Qa4 16. Kb1 c4 17. f6 Ng8 18. Ng5 Nh6 19. fxg7 Bxg7 20. Nxf7 Nxf7 21. Rxf7 Bf8 22. Rdf1 b5 23. c3 b4 24. cxb4 Bxb4 25. Qc2 Qa5 26. Ne2 Nb5 27. Bc1 Qb6 28. Be3 Rdf8 29. Kc1 Kb8 30. a3 Be7 31. Rxf8+ Bxf8 32. Rf7 h6 33. Qg6 c3 34. Nxc3 Nxc3 35. Qf6 Bg7 36. Qxg7 Rc8 37. Rf8 Ne4+ 38. Rxc8+ Kxc8 39. Qf8+ Kd7 40. Qb4 Qa6 41. Qe1 Qc8+ 42. Kb1 Qf8 43. Qe2 Qf7 44. Ka2 Qg6 45. h4 Ke7 46. h5 Qg7 47. Qf3 Qh7 48. Qf4 Qg8 49. Qxh6 Qxg4 50. Qh7+ Kd8 51. Qg6 Qe2 52. Bg5+ Kc7 53. Qf7+ Kb8 54. Qf8+ Kb7 55. Qb4+ Kc6 56. Be7 Qxh5 57. Qa4+ Kb6 58. Bd8+ 1-0

[Event "Skakligaen 2025-26"]
[Site "Denmark"]
[Date "2025.11.02"]
[Round "2.4"]
[White "Light, Bjarne"]
[Black "Kristensen, Kaare Hove"]
[Result "0-1"]
[WhiteElo "2225"]
[BlackElo "2283"]
[EventDate "2025.11.01"]
[EventType "team-tourn"]
[EventRounds "9"]
[EventCountry "DEN"]
[SourceTitle "Holdskaksystemet"]
[WhiteTeam "Fredericia"]
[BlackTeam "Nordkalotten"]
[WhiteTeamCountry "DEN"]
[BlackTeamCountry "DEN"]

1. c4 e6 2. Nf3 d5 3. e3 Nf6 4. Nc3 Be7 5. b3 O-O 6. Bb2 c5 7. Be2 d4 8. exd4 cxd4 9. Nb5 d3 10. Bf1 a6 11. Nc3 e5 12. Ng5 Nc6 13. Qf3 Nb4 14. O-O-O Bg4 15. Qg3 Bxd1 16. Kxd1 Nh5 17. Qf3 Bxg5 18. Qxh5 f5 19. h4 Be7 20. a3 Nc6 21. Nd5 e4 22. g4 Bf6 23. Nxf6+ Rxf6 24. gxf5 Nd4 25. Rg1 Nf3 26. Rg2 Qb6 27. b4 Qc6 28. Kc1 Qxc4+ 29. Kb1 Nxd2+ 30. Ka1 Nb3+ 31. Ka2 Nc1+ 32. Kb1 Qa2+ 33. Kxc1 Rc8+ 34. Kd2 Qxb2+ 35. Ke3 Qc1+ 36. Kxe4 Qxf1 37. Kd4 0-1

[Event "Skakligaen 2025-26"]
[Site "Denmark"]
[Date "2025.11.02"]
[Round "2.5"]
[White "Hove, Esben Kjems"]
[Black "Easwaralingam, Adesh"]
[Result "1/2-1/2"]
[WhiteElo "2254"]
[BlackElo "2202"]
[EventDate "2025.11.01"]
[EventType "team-tourn"]
[EventRounds "9"]
[EventCountry "DEN"]
[SourceTitle "Holdskaksystemet"]
[WhiteTeam "Nordkalotten"]
[BlackTeam "Fredericia"]
[WhiteTeamCountry "DEN"]
[BlackTeamCountry "DEN"]

1. d4 Nf6 2. Bg5 d5 3. e3 Nbd7 4. Nd2 c5 5. c3 Qb6 6. Qb3 Qc7 7. Ngf3 e6 8. Bf4 Bd6 9. Bxd6 Qxd6 10. Be2 O-O 11. O-O e5 12. dxe5 Nxe5 13. Nxe5 Qxe5 14. Rfd1 Qe7 15. Bf3 Be6 16. Qc2 Rfd8 17. Nf1 Rd7 18. Rd2 Rad8 19. Rad1 Bg4 20. Bxg4 Nxg4 21. Qa4 Ne5 22. e4 dxe4 23. Qxe4 Rxd2 24. Qd3 1/2-1/2

[Event "Skakligaen 2025-26"]
[Site "Denmark"]
[Date "2025.11.02"]
[Round "2.6"]
[White "Thorsen, Adrian Stenstrop"]
[Black "Ejsing, Esben"]
[Result "0-1"]
[WhiteElo "2167"]
[BlackElo "2141"]
[EventDate "2025.11.01"]
[EventType "team-tourn"]
[EventRounds "9"]
[EventCountry "DEN"]
[SourceTitle "Holdskaksystemet"]
[WhiteTeam "Fredericia"]
[BlackTeam "Nordkalotten"]
[WhiteTeamCountry "DEN"]
[BlackTeamCountry "DEN"]

1. Nf3 c5 2. g3 g6 3. c4 b6 4. Bg2 Bb7 5. Nc3 Bg7 6. O-O Nf6 7. d4 cxd4 8. Nb5 O-O 9. Nbxd4 d5 10. cxd5 Nxd5 11. e4 Nb4 12. a3 N4a6 13. e5 Nc6 14. Nxc6 Bxc6 15. Qe2 Nc5 16. Rd1 Qc7 17. Be3 Rfd8 18. b4 Nb3 19. Rab1 Ba4 20. Ng5 Rxd1+ 21. Rxd1 Rc8 22. Bd5 e6 23. Nxe6 fxe6 24. Bxe6+ Kh8 25. Bxc8 Qxc8 26. e6 Bf6 27. Qg4 Kg7 28. Qf4 Qxe6 29. Qb8 Qf7 30. h4 Nc5 31. Rd6 Ne4 32. Rd4 Bc6 33. Qf4 Bxd4 34. Bxd4+ Kf8 35. Qb8+ Be8 36. Qe5 Nd2 37. Qd6+ Kg8 38. Ba1 Qxf2+ 39. Kxf2 Ne4+ 40. Ke3 Nxd6 41. Kf4 Kf7 42. Bb2 Nc4 43. Bc1 h5 44. Ke4 Ke6 45. Kd4 Nd6 0-1

[Event "Skakligaen 2025-26"]
[Site "Denmark"]
[Date "2025.11.02"]
[Round "2.7"]
[White "Jakobsen, Peter"]
[Black "Schwarz, Frank"]
[Result "0-1"]
[WhiteElo "2174"]
[BlackElo "2232"]
[EventDate "2025.11.01"]
[EventType "team-tourn"]
[EventRounds "9"]
[EventCountry "DEN"]
[SourceTitle "Holdskaksystemet"]
[WhiteTeam "Nordkalotten"]
[BlackTeam "Fredericia"]
[WhiteTeamCountry "DEN"]
[BlackTeamCountry "DEN"]

1. d4 Nf6 2. c4 e6 3. Nf3 d5 4. Nc3 a6 5. c5 b6 6. cxb6 c5 7. Na4 c4 8. b3 Ne4 9. bxc4 dxc4 10. Rb1 Bb7 11. e3 Qd5 12. Bd2 Nd7 13. Be2 Rc8 14. Nc3 Nxc3 15. Bxc3 Bd6 16. O-O O-O 17. Ne1 Qf5 18. f3 Rfd8 19. Qc2 Qf6 20. f4 Qe7 21. e4 Bb8 22. e5 Nf8 23. Bf3 Ng6 24. f5 Bxf3 25. Nxf3 Nf4 26. Qe4 Nd5 27. Ba5 Rd7 28. fxe6 fxe6 29. Rfc1 Rb7 30. Rc2 h6 31. Qe2 Qa3 32. Rxc4 Rxc4 33. Qxc4 Rf7 34. Bd2 Qf8 35. Qd3 Qc8 36. a4 a5 37. Bxa5 Nf4 38. Qd2 Qc4 39. Bb4 g5 40. Bd6 g4 41. Nh4 Ne2+ 42. Kh1 Nc3 43. Rg1 Ne4 44. Qb2 Nf2+ 45. Qxf2 Rxf2 46. Bxb8 Qxa4 47. Ba7 0-1

[Event "Skakligaen 2025-26"]
[Site "Denmark"]
[Date "2025.11.02"]
[Round "2.8"]
[White "Moller, Dustin"]
[Black "Nielsen, Lars Aaes"]
[Result "1/2-1/2"]
[WhiteElo "2151"]
[BlackElo "2149"]
[EventDate "2025.11.01"]
[EventType "team-tourn"]
[EventRounds "9"]
[EventCountry "DEN"]
[SourceTitle "Holdskaksystemet"]
[WhiteTeam "Fredericia"]
[BlackTeam "Nordkalotten"]
[WhiteTeamCountry "DEN"]
[BlackTeamCountry "DEN"]

1. d4 d5 2. c4 e6 3. Nf3 Nf6 4. Nc3 Be7 5. Bf4 O-O 6. e3 b6 7. Bd3 dxc4 8. Bxc4 Ba6 9. Qe2 Qc8 10. Rc1 Qb7 11. O-O Bxc4 12. Qxc4 Na6 13. Rfd1 c5 14. Nb5 Rfd8 15. dxc5 Bxc5 16. Ne5 Rxd1+ 17. Rxd1 Nd5 18. Qe4 Bf8 19. Qf3 Nc5 20. Bg3 a6 21. Nd4 Rc8 22. h4 Nf6 23. Qxb7 Nxb7 24. f3 Bc5 25. Bf2 Nd5 26. Rc1 Nd6 27. Nec6 Kf8 28. Rd1 Nb5 29. e4 Nf4 30. Nxb5 Rxc6 31. Bxc5+ Rxc5 32. Nc3 Ke7 33. Kf2 Ng6 34. g3 Ne5 35. Rd4 b5 36. f4 Nc4 37. b4 Rc6 38. Ke2 f6 39. Kd3 e5 40. Rd5 Nb2+ 41. Kd2 Nc4+ 42. Kd3 Nb2+ 1/2-1/2

[Event "Skakligaen 2025-26"]
[Site "Denmark"]
[Date "2025.11.02"]
[Round "2.1"]
[White "Loftgaard, Mikkel Vinh"]
[Black "Andersen, Mads"]
[Result "1/2-1/2"]
[WhiteElo "2342"]
[BlackElo "2558"]
[EventDate "2025.11.01"]
[EventType "team-tourn"]
[EventRounds "9"]
[EventCountry "DEN"]
[SourceTitle "Holdskaksystemet"]
[WhiteTeam "Frem"]
[BlackTeam "Skanderborg"]
[WhiteTeamCountry "DEN"]
[BlackTeamCountry "DEN"]

1. e4 c5 2. Nf3 d6 3. Bb5+ Bd7 4. Bxd7+ Nxd7 5. O-O e6 6. c3 Ngf6 7. Qe2 Be7 8. d4 O-O 9. e5 Ne8 10. Bf4 Rc8 11. dxc5 Nxc5 12. Rd1 Qb6 13. c4 dxe5 14. Bxe5 Nf6 15. Nc3 a6 16. Bd4 Rfd8 17. Rd2 Qc6 18. Rad1 Nce4 19. Ne5 Nxc3 20. Bxc3 Qc7 21. g3 1/2-1/2